| 000 | 00934nam a2200289Ia 4500 | ||
|---|---|---|---|
| 000 | nam a22 i 4500 | ||
| 001 | UNACH-8317 | ||
| 007 | ta | ||
| 008 | 221212s ||||fr|||| 00| | spa d | ||
| 020 | _a978-968-461-226-6 | ||
| 041 | 0 | _aspa | |
| 082 | 0 | 4 |
_a372.21 _bEstimulación temprana - Preescolar |
| 100 | 1 |
_aAguilar Kubli, Eduardo, _eautor |
|
| 245 | 1 | 0 | _aComparte con tus hijos el optimismo. |
| 264 | 3 | 1 |
_a[México, D. F.] : _bÁrbol Editorial, _c1999 |
| 300 |
_a222 páginas : _bilustraciones y tablas |
||
| 336 |
_atexto _btxt _2rdacontent |
||
| 337 |
_ano mediado _bn _2rdamedia |
||
| 338 |
_avolumen _bnc _2rdacarrier |
||
| 505 | 0 | _aIntroducción.-- Formando el optimismo.-- Optimismo equilibrado en el hogar. | |
| 650 | 1 | 4 | _aCUENTOS DE INTELIGENCIA |
| 650 | 2 | 4 | _aENSEÑAR A TUS HIJOS |
| 650 | 2 | 4 | _aEXPERIENCIAS SON PARA CRECER |
| 653 | 0 | _aEtimulación temprana - Preescolar | |
| 942 |
_2ddc _c1 _n0 |
||
| 999 |
_c6767 _d6767 |
||